Loading...
| Current Events | 3 | 10.00 | 100% | 0% | 0% |
| Fine Arts - Classical Music | 7 | 2.86 | 29% | 0% | 0% |
| Fine Arts - Other | 6 | 11.67 | 83% | 33% | 0% |
| Fine Arts - Painting & Sculpture | 5 | 14.00 | 100% | 40% | 0% |
| Geography | 2 | 10.00 | 50% | 50% | 0% |
| History - American | 7 | 11.43 | 100% | 14% | 0% |
| History - European | 5 | 12.00 | 80% | 40% | 0% |
| History - Other | 6 | 10.00 | 83% | 17% | 0% |
| History - World | 4 | 5.00 | 50% | 0% | 0% |
| Literature - American | 2 | 5.00 | 50% | 0% | 0% |
| Literature - British | 4 | 7.50 | 75% | 0% | 0% |
| Literature - European | 5 | 10.00 | 60% | 40% | 0% |
| Literature - World | 8 | 10.00 | 75% | 25% | 0% |
| Mythology | 1 | 10.00 | 100% | 0% | 0% |
| Other Academic | 5 | 12.00 | 80% | 40% | 0% |
| Philosophy | 2 | 5.00 | 50% | 0% | 0% |
| Religion | 6 | 3.33 | 33% | 0% | 0% |
| Science - Biology | 3 | 16.67 | 100% | 33% | 33% |
| Science - Chemistry | 4 | 15.00 | 100% | 50% | 0% |
| Science - Other | 8 | 11.25 | 88% | 25% | 0% |
| Science - Physics | 6 | 11.67 | 100% | 17% | 0% |
| Social Science | 5 | 12.00 | 80% | 40% | 0% |